000 00498nam a2200193Ia 4500
005 20240823010841.0
008 240823s9999||||xx |||||||||||||| ||und||
041 _aENGLISH
082 _A610.28 P0
100 _aRaja Rao C
245 0 _aPrinciples of Medical Electronics and Biomedical Instrumentation
250 _a1st
260 _c2000
_b"UP,Hydrabad"
500 _aTRANSFERED
650 _aMedical Electronics
_bInstrumentation
700 _a Guha S K
942 _cBK
999 _c159829
_d159829